| 000 | 00534nam a2200205Ia 4500 | ||
|---|---|---|---|
| 005 | 20250505125022.0 | ||
| 008 | 008 250505s9999 xx 000 0 eng d | ||
| 037 | _aTextbook | ||
| 040 |
_aLCO _beng _cLCO |
||
| 041 |
_aeng _2eng |
||
| 084 |
_aZ1,6 R4 _qLCO |
||
| 100 | _aGutteridge, H.C. | ||
| 245 | 0 |
_aComparative law _c H.C. Gutteridge |
|
| 260 |
_aNew Delhi, India _bLaw & justice pub. _c2024 |
||
| 300 | _a208 | ||
| 365 |
_aINR _b425 |
||
| 650 | _aLaw | ||
| 942 |
_cTB _hZ1,6 R4 |
||
| 999 |
_c1311116 _d1311116 |
||